Áfricas no Brasil (Record no. 25021)
[ view plain ]
| 000 -LÍDER | |
|---|---|
| campo de controle de tamanho fixo | 00346 a2200157 4500 |
| 001 - NÚMERO DE CONTROLE | |
| campo de controle | 25021 |
| 020 ## - ISBN - INTERNATIONAL STANDARD BOOK NUMBER | |
| ISBN - International Standard Book Number | 9788526250994 |
| 040 ## - FONTE DA CATALOGAÇÃO | |
| Instituição que transcreveu o registro | Anchieta - São Paulo/Itaigara |
| 100 ## - ENTRADA PRINCIPAL--NOME PESSOAL | |
| Nome pessoal | Araujo, Kelly Cristina |
| 240 10 - TÍTULO UNIFORME | |
| Título uniforme | Áfricas no Brasil |
| Idioma da obra | por |
| 245 10 - TÍTULO | |
| Título | Áfricas no Brasil |
| 300 ## - DESCRIÇÃO FÍSICA | |
| Extensão | 55 |
| 362 0# - DATAS DE PUBLICAÇÃO E/OU DESIGNAÇÃO SEQUENCIAL | |
| Datas de publicação e/ou designação sequencial | 2008 |
| 650 #4 - ASSUNTO--TERMO TÓPICO | |
| Cabeçalho tópico ou nome geográfico | Brasil |
| 942 ## - ELEMENTOS DE ENTRADA ADICIONADOS (KOHA) | |
| Tipo de material Koha | Livros |
| Situação do descarte | Situação das perdas | Situação física | Não pode ser emprestado | Biblioteca de origem | Biblioteca atual | Data de aquisição | Total de empréstimos | Número de chamada completo | Código de barras | Data de último acesso | Data do preço efetivo | Tipo de material Koha |
|---|---|---|---|---|---|---|---|---|---|---|---|---|
| Colégio Anchieta - Pituba | Colégio Anchieta - Pituba | 21/11/2023 | 959 A663a ARA AFR | 22914/PIT | 21/11/2023 | 21/11/2023 | Livros | |||||
| Colégio São Paulo | Colégio São Paulo | 22/11/2023 | 981 A663a | 6547/CSP | 22/11/2023 | 22/11/2023 | Livros | |||||
| Leonardo Da Vinci - Alphaville 2 | Leonardo Da Vinci - Alphaville 2 | 27/03/2024 | 028.5 A687a | 2A171 | 27/03/2024 | 27/03/2024 | Livros | |||||
| Leonardo Da Vinci - Granja Viana | Leonardo Da Vinci - Granja Viana | 27/03/2024 | 981 A689a | G00982 | 27/03/2024 | 27/03/2024 | Livros | |||||
| Leonardo Da Vinci - Granja Viana | Leonardo Da Vinci - Granja Viana | 27/03/2024 | 981 A689a | G00983 | 27/03/2024 | 27/03/2024 | Livros | |||||
| Leonardo Da Vinci - Granja Viana | Leonardo Da Vinci - Granja Viana | 27/03/2024 | 981 A689a | G00984 | 27/03/2024 | 27/03/2024 | Livros | |||||
| Leonardo Da Vinci - Granja Viana | Leonardo Da Vinci - Granja Viana | 27/03/2024 | 981 A689a | G00985 | 27/03/2024 | 27/03/2024 | Livros | |||||
| Leonardo Da Vinci - Granja Viana | Leonardo Da Vinci - Granja Viana | 27/03/2024 | 981 A689a | G00986 | 27/03/2024 | 27/03/2024 | Livros | |||||
| Leonardo Da Vinci - Granja Viana | Leonardo Da Vinci - Granja Viana | 27/03/2024 | 981 A689a | G00987 | 27/03/2024 | 27/03/2024 | Livros | |||||
| Leonardo Da Vinci - Granja Viana | Leonardo Da Vinci - Granja Viana | 27/03/2024 | 981 A689a | G00988 | 27/03/2024 | 27/03/2024 | Livros | |||||
| Leonardo Da Vinci - Granja Viana | Leonardo Da Vinci - Granja Viana | 27/03/2024 | 981 A689a | G00989 | 27/03/2024 | 27/03/2024 | Livros | |||||
| Leonardo Da Vinci - Osasco | Leonardo Da Vinci - Osasco | 27/03/2024 | 305.89 A689a | O010357 | 27/03/2024 | 27/03/2024 | Livros |